Normal view MARC view
  • BIRTH OF PAKISTAN.QUAID-E-AZAM'S LAST JOURNEY.JINNAH FIRST PRESIDENTIAL ADDRESS

Entry Topical Term

Number of records used in: 1

001 - CONTROL NUMBER

  • control field: 66230

003 - CONTROL NUMBER IDENTIFIER

  • control field: NUST

005 - DATE AND TIME OF LATEST TRANSACTION

  • control field: 20210628203544.0

008 - FIXED-LENGTH DATA ELEMENTS

  • fixed length control field: 210628|| aca||aabn | a|a d

040 ## - CATALOGING SOURCE

  • Original cataloging agency: NUST
  • Transcribing agency: NUST

150 ## - HEADING--TOPICAL TERM

  • Topical term or geographic name entry element: BIRTH OF PAKISTAN.QUAID-E-AZAM'S LAST JOURNEY.JINNAH FIRST PRESIDENTIAL ADDRESS

670 ## - SOURCE DATA FOUND

  • Source citation: Work cat.: (NUST): Singh, Jaswant, Jaswant Singh 66229, Jinnah, india- partition- independence, 2009
© 2023 Central Library, National University of Sciences and Technology. All Rights Reserved.